000 00214 a2200097 4500
001 13362
100 _aHudson, G.F
245 _aFar eastern affairs
260 _aLondon
_bChatto windus ltd
_c
090 _c10378
_d10378
942 _aNUST-CAE
_cM
_c423
999 _c248435
_d248435